000 00402nam a2200145Ia 4500
008 240624s9999 xx 000 0 und d
041 _aeng
082 _a659.2 HEN
100 _aHENSLOWE PHILIP
245 _aPUBLIC RELATIONS A PRACTICAL GUIDE TO TH
250 _a(2nd ed.)
260 _c2008
_aNew Delhi
_bKogan Page India Private limited
300 _aviii, : 152 : p. : cm. ; 23
365 _cRS
_b33
999 _c10860
_d10860